[Event "Moscow-ch"]
[Site "Moscow"]
[Date "1999.??.??"]
[Round "9"]
[White "Novichkov, Vadim"]
[Black "Shchekachev, Andrei"]
[Result "0-1"]
[WhiteElo "2420"]
[BlackElo "2512"]
[PlyCount "102"]
[EventDate "1999.??.??"]
[EventType "swiss"]
[EventRounds "9"]
[EventCountry "RUS"]
[SourceTitle "EXT 2001"]
[Source "ChessBase"]
[SourceDate "2000.11.22"]
[SourceVersion "1"]
[SourceVersionDate "2000.11.22"]
[SourceQuality "1"]

1. d4 Nf6 2. c4 g6 3. Nc3 Bg7 4. e4 d6 5. f3 0-0 6. Be3 c5 7. Nge2 Nc6 8. Qd2 b6 9. Rd1 e6 10. d5 Ne5 11. b3 Ne8 12. Nf4 a6 13. a4 Qh4+ 14. Bf2 Qe7 15. Be2 Nd7 16. 0-0 Bd4 17. Bd3 Bxf2+ 18. Rxf2 e5 19. Nfe2 Ng7 20. a5 bxa5 21. Ra1 f5 22. exf5 gxf5 23. Rxa5 Nf6 24. Bc2 Ngh5 25. Nd1 f4 26. Ndc3 Kh8 27. Ne4 Nxe4 28. Bxe4 Rb8 29. Qc3 Rg8 30. Nc1 Qh4 31. Rxc5 dxc5 32. Qxe5+ Qf6 33. Qxb8 Qa1 34. Qc7 Qxc1+ 35. Rf1 Qe3+ 36. Kh1 Ng7 37. Qd6 Bf5 38. Bxf5 Nxf5 39. Qf6+ Ng7 40. Qxa6 Qxb3 41. Rg1 Qc3 42. d6 Qd4 43. Qc6 Rd8 44. g3 Rxd6 45. Qb7 Rd7 46. Qc6 Qd6 47. Qa8+ Rd8 48. Qb7 Ne6 49. Qf7 Rf8 50. Qh5 fxg3 51. hxg3 Nd4 0-1

[Event "Moscow-ch op"]
[Site "Moscow"]
[Date "1998.??.??"]
[Round "3"]
[White "Novichkov, Vadim"]
[Black "Ageichenko, Genadi A"]
[Result "1-0"]
[WhiteElo "2415"]
[BlackElo "2360"]
[PlyCount "101"]
[EventDate "1998.??.??"]
[EventType "swiss"]
[EventRounds "9"]
[EventCountry "RUS"]
[SourceTitle "EXT 2000"]
[Source "ChessBase"]
[SourceDate "1999.11.16"]
[SourceVersion "1"]
[SourceVersionDate "1999.11.16"]
[SourceQuality "1"]

1. d4 Nf6 2. c4 g6 3. Nc3 d5 4. Nf3 Bg7 5. Qb3 dxc4 6. Qxc4 0-0 7. e4 Na6 8. Be2 c5 9. d5 e6 10. 0-0 exd5 11. exd5 Re8 12. Rd1 Bf5 13. Bf4 Ne4 14. Bd3 Nd6 15. Bxd6 Bxd3 16. Rxd3 Qxd6 17. Nb5 Qd7 18. Rad1 Nb4 19. R3d2 Bh6 20. Re2 Rxe2 21. Qxe2 Nxd5 22. Qc4 Ne3 23. Rxd7 Nxc4 24. b3 Na5 25. Nd6 Bf8 26. Nxb7 Nc6 27. g3 Re8 28. Kf1 h6 29. Nd2 Nb4 30. a4 Nc2 31. Na5 a6 32. Nac4 Re1+ 33. Kg2 Re6 34. h4 Nd4 35. Kf1 g5 36. hxg5 hxg5 37. Rd5 f6 38. b4 Nc2 39. b5 axb5 40. axb5 Re1+ 41. Kg2 Re8 42. Rd7 Nd4 43. b6 Nc6 44. Rc7 Nb8 45. Nb3 Re4 46. Nba5 Re8 47. b7 Na6 48. Rc8 Kf7 49. Nc6 Re4 50. Nb8 Rxc4 51. Rxf8+ 1-0

[Event "Moscow-ch op"]
[Site "Moscow"]
[Date "1998.??.??"]
[Round "4"]
[White "Ulko, Jaroslav"]
[Black "Novichkov, Vadim"]
[Result "1/2-1/2"]
[WhiteElo "2420"]
[BlackElo "2415"]
[PlyCount "107"]
[EventDate "1998.??.??"]
[EventType "swiss"]
[EventRounds "9"]
[EventCountry "RUS"]
[SourceTitle "EXT 2000"]
[Source "ChessBase"]
[SourceDate "1999.11.16"]
[SourceVersion "1"]
[SourceVersionDate "1999.11.16"]
[SourceQuality "1"]

1. d4 Nf6 2. c4 e6 3. Nc3 Bb4 4. e3 b6 5. Nge2 Bb7 6. a3 Be7 7. d5 exd5 8. cxd5 0-0 9. Ng3 Bd6 10. Bc4 Re8 11. 0-0 c6 12. Nf5 Bf8 13. e4 cxd5 14. exd5 a6 15. Bg5 b5 16. Qd4 Qc7 17. Bxf6 Qxc4 18. Bxg7 Qxd4 19. Bxd4 d6 20. f4 Bc8 21. Ng3 f5 22. Rfe1 Rxe1+ 23. Rxe1 Kf7 24. Rc1 Bd7 25. Nd1 Bh6 26. Rc7 Bxf4 27. Ba7 Be5 28. Bxb8 Ke8 29. Rb7 Bc8 30. Rxh7 Rxb8 31. Rc7 Bd7 32. Rc2 b4 33. axb4 Rxb4 34. Rd2 f4 35. Ne2 Kf7 36. Kf2 Kg6 37. g3 fxg3+ 38. hxg3 a5 39. Ke3 a4 40. Ndc3 Kh5 41. Nd4 Bxg3 42. Nce2 Be5 43. Nf4+ Kg5 44. Nf3+ Kf6 45. Nd3 Rb3 46. Nd4 Bxd4+ 47. Kxd4 Bb5 48. Rf2+ Ke7 49. Nf4 Rb4+ 50. Ke3 Kd7 51. Ne6 Rb3+ 52. Ke4 Bd3+ 53. Kd4 Bb5 54. Rf7+ 1/2-1/2

[Event "RUS-Cup02"]
[Site "Moscow"]
[Date "1998.??.??"]
[Round "9"]
[White "Vlassov, Nikolai"]
[Black "Novichkov, Vadim"]
[Result "1-0"]
[WhiteElo "2440"]
[BlackElo "2415"]
[PlyCount "116"]
[EventDate "1998.01.21"]
[EventType "swiss"]
[EventRounds "9"]
[EventCountry "RUS"]
[SourceTitle "EXT 1999"]
[Source "ChessBase"]
[SourceDate "1998.11.16"]
[SourceVersion "1"]
[SourceVersionDate "1998.11.16"]
[SourceQuality "1"]

1. g4 d5 2. Bg2 c6 3. h3 e5 4. d4 e4 5. c4 Be6 6. Nc3 Nf6 7. Qb3 Qd7 8. c5 Be7 9. Bf4 0-0 10. e3 Na6 11. 0-0-0 b6 12. cxb6 axb6 13. Qxb6 Nb4 14. Kb1 Nd3 15. Rxd3 exd3 16. Nf3 Bd8 17. Qb3 Ne4 18. Nd1 c5 19. Qxd3 c4 20. Qc2 Qa7 21. a3 Bd7 22. Ne5 Ba4 23. Qc1 Bxd1 24. Bxe4 dxe4 25. Rxd1 Rc8 26. d5 c3 27. bxc3 Bf6 28. Nc6 Qa4 29. Rd2 Qc4 30. Bd6 Bxc3 31. Bxf8 Rxf8 32. Rb2 Qd3+ 33. Qc2 Qf1+ 34. Ka2 Bxb2 35. Kxb2 Qb5+ 36. Nb4 Qe8 37. Kb3 h6 38. a4 Kh8 39. a5 Qb5 40. a6 Rb8 41. Qc4 Qb6 42. Ka4 Qf6 43. Qd4 Qd6 44. a7 Rxb4+ 45. Qxb4 Qd7+ 46. Kb3 Qxd5+ 47. Kb2 Kh7 48. Qd4 Qc6 49. h4 h5 50. gxh5 f6 51. Kb3 Qb5+ 52. Kc2 Qc6+ 53. Kd2 Qb7 54. Qa4 Qa8 55. Qa5 g6 56. Qc7+ Kh6 57. Qb8 Qd5+ 58. Ke1 Qa5+ 1-0

[Event "RUS-Cup02"]
[Site "Moscow"]
[Date "1998.??.??"]
[Round "4"]
[White "Zaitsev, Vadim"]
[Black "Novichkov, Vadim"]
[Result "0-1"]
[WhiteElo "2425"]
[BlackElo "2415"]
[PlyCount "84"]
[EventDate "1998.01.21"]
[EventType "swiss"]
[EventRounds "9"]
[EventCountry "RUS"]
[SourceTitle "CBM 063"]
[Source "ChessBase"]
[SourceDate "1998.03.26"]
[SourceVersion "1"]
[SourceVersionDate "1998.03.26"]
[SourceQuality "1"]

1. Nf3 c5 2. g3 g6 3. Bg2 Bg7 4. c3 Nc6 5. 0-0 e5 6. d4 cxd4 7. cxd4 exd4 8. Na3 Nge7 9. Nb5 0-0 10. Nbxd4 Qb6 11. e3 d5 12. b3 Bg4 13. Bb2 Bxf3 14. Bxf3 Nxd4 15. Bxd4 Bxd4 16. Qxd4 Qxd4 17. exd4 Rfd8 18. Rac1 Rac8 19. Kg2 Kf8 20. Rc5 b6 21. Rcc1 Nf5 22. Rxc8 Rxc8 23. Bxd5 Rc2 24. Be4 Rxa2 25. Bxf5 gxf5 26. Rc1 Rb2 27. Rc3 a5 28. Kf3 Ke7 29. h4 Kd6 30. Kf4 Rxf2+ 31. Kg5 Kd5 32. Kh6 f4 33. gxf4 Rxf4 34. h5 f5 35. Kxh7 Rg4 36. h6 f4 37. Rc7 f3 38. Rf7 Rg3 39. Rf4 b5 40. Rf5+ Ke4 41. Re5+ Kf4 42. Rxb5 f2 0-1